000 00868nam a2200217 a 4500
001 000860448
003 AM-YeHGA
005 20250617161915.0
008 060412s1953 ||||||||||||||||||||rus d
040 _aAM-YeHGA
041 1 _arus
_haze
100 1 _aРагимов, Сулейман
245 1 0 _aШамо :
_bРоман. Пер. с азерб. Кн. /
_cС. Рагимов; Авториз. пер. с азерб. А. Шарифа, Ю. Либединского.
260 _aМосква :
_bСоветский писатель,
_c1953.
300 _aкн. ;
_c21 см.
505 1 0 _aКн. 1 (1953, 502 стр., илл.)
650 1 4 _aАзербайджанская литература
700 1 _aШариф, Азиз
_eперев.
_4trl
700 1 _aЛибединский, Юрий Николаевич
_d1898-1959
_eперев.
_4trl
090 _c482939
999 _c479593
_d479593